Committees and commissions in India. V II and III. 1955-57 and 1947-73 (Record no. 29128)

MARC details
000 -LEADER
fixed length control field 00313nam a2200109Ia 4500
082 ## - DEWEY DECIMAL CLASSIFICATION NUMBER
Classification number 006.045
Item number VIR.3
100 ## - MAIN ENTRY--AUTHOR NAME
Personal name Virendra Kumar
245 #0 - TITLE STATEMENT
Title Committees and commissions in India. V II and III. 1955-57 and 1947-73
260 ## - PUBLICATION, DISTRIBUTION, ETC. (IMPRINT)
Place of publication Delhi
Name of publisher Concept
Year of publication 1973
942 ## - ADDED ENTRY ELEMENTS (KOHA)
Koha item type Books
Holdings
Withdrawn status Lost status Damaged status Not for loan Home library Current library Date acquired Cost, normal purchase price Full call number Accession Number Koha item type
      Weed out RRII Library RRII Library 16/12/2021 125.00 006.045 VIR.3 09718 Books